| 000 | 00580nam a2200193 a 4500 | ||
|---|---|---|---|
| 001 | BRL_121 | ||
| 005 | 20190320210611.0 | ||
| 008 | 151012s1964----mx-a######---#000-0#spa-# | ||
| 041 | _aspa | ||
| 044 | _amx | ||
| 050 | 4 |
_aNB255 _b.S44 1964 |
|
| 245 | 1 | 0 |
_aSegunda bienal nacional de escultura _bescultura libre y escultura integrada a la arquitectura. |
| 260 |
_aMéxico _bINBA, Departamento de Artes Plásticas _c1964 |
||
| 300 |
_a1 v. (sin paginación) _bil. _c29 cm. |
||
| 500 | _aAu154 | ||
| 650 | 1 | 4 |
_aEscultura _vExposiciones _zMéxico _94985 |
| 902 | _aGRL | ||
| 942 |
_2lcc _cB |
||
| 999 |
_c8934 _d8934 |
||